[Event "HUN-chT2 Breyer 1718"]
[Site "Hungary"]
[Date "2018.02.18"]
[Round "8.11"]
[White "Somogyi, Zoltan"]
[Black "Forgacs, Andras"]
[Result "0-1"]
[WhiteElo "1216"]
[BlackElo "1697"]
[PlyCount "70"]
[EventDate "2017.09.24"]
[EventType "team-tourn"]
[EventRounds "11"]
[EventCountry "HUN"]
[SourceTitle "EXT 2021"]
[Source "ChessBase"]
[SourceDate "2020.10.23"]
[SourceVersion "1"]
[SourceVersionDate "2020.10.23"]
[SourceQuality "1"]
[WhiteTeam "Paty"]
[BlackTeam "Biatorbagy"]
[WhiteTeamCountry "HUN"]
[BlackTeamCountry "HUN"]

1. e4 c6 2. Nf3 d5 3. exd5 cxd5 4. d4 Nc6 5. Be3 Bg4 6. Nc3 e6 7. h3 Bh5 8. g4 Bg6 9. Ne5 Bd6 10. Nxg6 hxg6 11. Bb5 Nf6 12. Qe2 Rc8 13. Bg5 Bb4 14. Bxf6 Qxf6 15. 0-0-0 Bxc3 16. bxc3 a6 17. Bd3 Na5 18. Kd2 Rc7 19. f3 Qf4+ 20. Qe3 Qxe3+ 21. Kxe3 Rxc3 22. Kd2 Rc7 23. Rb1 Kd7 24. f4 Nc6 25. c3 b5 26. f5 gxf5 27. gxf5 e5 28. Rbg1 exd4 29. Rxg7 dxc3+ 30. Kc1 Ne5 31. Bc2 Ke7 32. Re1 Kf6 33. Rg3 Rh5 34. Rf1 Rg5 35. Rxg5 Kxg5 0-1

[Event "Oberwart op"]
[Site "Oberwart"]
[Date "1996.??.??"]
[Round "3"]
[White "Kuthan, Andreas"]
[Black "Somogyi, Zoltan"]
[Result "1-0"]
[WhiteElo "2225"]
[BlackElo "2500"]
[PlyCount "53"]
[EventDate "1996.07.??"]
[EventType "swiss"]
[EventRounds "9"]
[EventCountry "AUT"]
[SourceTitle "CBM 053 Extra"]
[Source "ChessBase"]
[SourceDate "1996.09.01"]
[SourceVersion "1"]
[SourceVersionDate "1996.09.01"]
[SourceQuality "1"]

1. e4 c5 2. c3 d5 3. exd5 Qxd5 4. d4 cxd4 5. cxd4 Nc6 6. Nf3 Bg4 7. Nc3 Qa5 8. Be2 Nf6 9. 0-0 e6 10. Be3 Be7 11. a3 a6 12. Qb3 Qc7 13. h3 Bh5 14. Rfd1 b5 15. Nxb5 axb5 16. Bxb5 Bxf3 17. gxf3 0-0 18. Qc4 Rfc8 19. Rdc1 Rab8 20. Qxc6 Qxc6 21. Bxc6 Rxb2 22. a4 Rb3 23. a5 Ra3 24. a6 Rxc6 25. Rxa3 Rxc1+ 26. Bxc1 Bxa3 27. a7 1-0